Canada vs. USA - Population Battle - Statistics

General Stats
  • This quiz has been taken 45 times
  • The average score is 9 of 14
Answer Stats
Question Answer % Correct
Which is more populous? Rhode Island
90%
Which is more populous? Alaska
86%
Which is more populous? New York
86%
Which is more populous? American Samoa
76%
Which is more populous? Quebec
74%
Which is more populous? California
71%
Which is more populous? Alberta
69%
Which is more populous? Manitoba
69%
Which is more populous? Hawaii
67%
Which is more populous? Texas
67%
Which is more populous? Washington (state)
60%
Which is more populous? North Dakota
45%
Which is more populous? Maine
43%
Which is more populous? New Brunswick (in 2000)
36%
No matching quizzes found
Score Distribution
Percent of People with Each Score
Percentile by Number Answered
Your Score History
You have not taken this quiz